[Event "Sardinia World Open A"]
[Site "Orosei ITA"]
[Date "2026.05.03"]
[Round "1.1"]
[White "Nepomniachtchi, Ian"]
[Black "Kavin Vijayakumar"]
[Result "1-0"]
[WhiteTitle "GM"]
[WhiteElo "2729"]
[BlackElo "2244"]
[WhiteFideId "4168119"]
[BlackFideId "33345791"]
[EventDate "2026.05.03"]

1. e4 e5 2. f4 d5 3. exd5 exf4 4. Nf3 Nf6 5. Bb5+ c6 6. dxc6 bxc6 7. Bc4 Qe7+ 8.
Qe2 Qxe2+ 9. Bxe2 Bd6 10. d4 O-O 11. c4 Re8 12. Nc3 Bf5 13. O-O Nbd7 14. Nh4 Bc2
15. c5 Bc7 16. Bf3 g5 17. Bxc6 gxh4 18. Bxa8 Rxa8 19. Bxf4 Rc8 20. Bxc7 Rxc7 21.
b4 Bd3 22. Rfd1 Bc4 23. d5 Ne5 24. Rd4 a5 25. a3 Bb3 26. c6 axb4 27. axb4 Nxc6
28. dxc6 Rxc6 29. Rc1 h3 30. b5 Rc8 31. b6 hxg2 32. b7 Rb8 33. Ne4 Kg7 34. Nd6
Be6 35. Ra1 Nd7 36. Ra8 Kf8 37. Nf5 Ke8 38. Ng7+ Ke7 39. Rxd7+ 1-0

[Event "Sardinia World Open A"]
[Site "Orosei ITA"]
[Date "2026.05.03"]
[Round "1.2"]
[White "Botta, Massimiliano"]
[Black "Maghsoodloo, Parham"]
[Result "1/2-1/2"]
[WhiteTitle "FM"]
[BlackTitle "GM"]
[WhiteElo "2240"]
[BlackElo "2710"]
[WhiteFideId "2804340"]
[BlackFideId "12539929"]
[EventDate "2026.05.03"]

1. d4 Nf6 2. Nf3 d5 3. c4 e6 4. g3 Be7 5. Bg2 O-O 6. Nc3 c6 7. O-O b6 8. b3 Ba6
9. Qd3 Re8 10. Rd1 h6 11. Bb2 Qc7 12. Rac1 Nbd7 13. e4 Rac8 14. e5 Nh7 15. Qe3
Qb7 16. cxd5 cxd5 17. a4 Nb8 18. Nb5 Nc6 19. Bf1 Red8 20. Bc3 Nf8 21. Bd3 f5 22.
h4 Rd7 23. h5 Bxb5 24. axb5 Nd8 25. Bb2 Nh7 26. Rxc8 Qxc8 27. Rc1 Rc7 28. Rxc7
Qxc7 29. Qc1 Qd7 30. Ba3 Bxa3 31. Qxa3 Nf8 32. Nh4 Qf7 33. Be2 f4 34. Qc1 fxg3
35. fxg3 Qd7 36. Ng2 Nh7 37. Nf4 Ng5 38. Kg2 Kf7 39. Bd3 Ke8 40. Qa3 Qe7 41.
Bg6+ Kf8 42. Qxe7+ Kxe7 43. Kf2 Nb7 44. b4 Nd8 45. Ke3 Ndf7 46. Bd3 Kd7 47. Bc2
Nd8 48. Bg6 Kc7 49. Bc2 Kb7 50. Bd3 Kc8 51. Bg6 Kc7 52. Bc2 Kc8 53. Bg6 Kc7 1/2-1/2

[Event "Sardinia World Open A"]
[Site "Orosei ITA"]
[Date "2026.05.03"]
[Round "1.3"]
[White "Saric, Ivan"]
[Black "Evenshaug, Amadeus Hestvik"]
[Result "1-0"]
[WhiteTitle "GM"]
[BlackTitle "CM"]
[WhiteElo "2657"]
[BlackElo "2220"]
[WhiteFideId "14508150"]
[BlackFideId "1534874"]
[EventDate "2026.05.03"]

1. e4 c5 2. Nf3 e6 3. d4 cxd4 4. Nxd4 Nf6 5. Nc3 Nc6 6. a3 d5 7. Bb5 Bd7 8. exd5
Nxd5 9. Nxd5 Nxd4 10. Bxd7+ Qxd7 11. Qxd4 Qxd5 12. Qxd5 exd5 13. Be3 Rc8 14.
O-O-O Bc5 15. Rhe1 O-O 16. Rxd5 Bxe3+ 17. Rxe3 Rc7 18. Red3 g6 19. Kd2 Kg7 20.
b3 h5 21. h4 Re8 22. Rd7 Re7 23. Rxc7 Rxc7 24. c4 f6 25. Rd5 b6 26. a4 Kf7 27.
a5 Ke6 28. Kc3 Rc6 29. g3 Rc8 30. Kb4 Rb8 31. a6 Rc8 32. Kb5 Ke7 33. b4 Ke6 34.
Rd2 g5 35. Rd5 Rg8 36. Kc6 Rc8+ 37. Kb7 Rxc4 38. Rb5 gxh4 39. gxh4 1-0

[Event "Sardinia World Open A"]
[Site "Orosei ITA"]
[Date "2026.05.03"]
[Round "1.4"]
[White "Eden, James"]
[Black "Karthikeyan, Murali"]
[Result "0-1"]
[WhiteTitle "IM"]
[BlackTitle "GM"]
[WhiteElo "2218"]
[BlackElo "2648"]
[WhiteFideId "666491"]
[BlackFideId "5074452"]
[EventDate "2026.05.03"]

1. e4 g6 2. d4 Bg7 3. Nc3 d6 4. Be3 c6 5. Qd2 b5 6. h4 Nf6 7. f3 h5 8. O-O-O a5
9. Kb1 Nfd7 10. e5 dxe5 11. dxe5 Bxe5 12. Bd4 Qc7 13. Bxb5 cxb5 14. Nxb5 Qb7 15.
Bxe5 O-O 16. Bxb8 Rxb8 17. a4 Nc5 18. Qxa5 Bf5 19. Ne2 Rfc8 20. Ned4 Ra8 21. Qd2
Nxa4 22. Qb4 Rc5 23. Rd2 e5 0-1

[Event "Sardinia World Open A"]
[Site "Orosei ITA"]
[Date "2026.05.03"]
[Round "1.5"]
[White "Shirazi, Kamran"]
[Black "Martirosyan, Haik M."]
[Result "0-1"]
[WhiteTitle "IM"]
[BlackTitle "GM"]
[WhiteElo "2215"]
[BlackElo "2636"]
[WhiteFideId "2000733"]
[BlackFideId "13306553"]
[EventDate "2026.05.03"]

1. d4 Nf6 2. Nc3 d5 3. Bg5 c5 4. e3 Nc6 5. a3 cxd4 6. exd4 Bf5 7. f4 Qb6 8. Bxf6
gxf6 9. Nxd5 Qa5+ 10. Nc3 O-O-O 11. d5 e6 12. Bd3 Bxd3 13. cxd3 exd5 14. Ne2 Qb6
15. d4 h5 16. O-O h4 17. b4 Ne7 18. Qd3 Kb8 19. Na4 Qd6 20. Rac1 Bh6 21. Nc5
Rhe8 22. Rc2 Nc8 23. Qh7 Qf8 24. Nc3 Nb6 25. Qd3 Qg7 26. a4 Qg6 27. f5 Qg4 28.
Rf3 h3 29. Rxh3 Bf4 30. Re2 Bd6 31. Rf3 Rxe2 32. Nxe2 Nc4 33. Nc3 Qh4 34. g3 Qg4
35. Kg2 Rh8 36. Rf2 Qh3+ 37. Kg1 Rg8 38. Qf1 Qh4 39. Nd7+ Kc8 40. Nxd5 Qxd4 41.
N7xf6 Rd8 42. Qe2 Be5 43. Kg2 Rxd5 44. Nxd5 Qxd5+ 45. Qf3 Qd4 46. f6 Ne3+ 47.
Kh3 Qd7+ 48. g4 Qd3 49. Rc2+ Qxc2 0-1

[Event "Sardinia World Open A"]
[Site "Orosei ITA"]
[Date "2026.05.03"]
[Round "1.6"]
[White "Aditya, Mittal"]
[Black "England, Max"]
[Result "1-0"]
[WhiteTitle "GM"]
[BlackTitle "CM"]
[WhiteElo "2619"]
[BlackElo "2210"]
[WhiteFideId "35042025"]
[BlackFideId "2622602"]
[EventDate "2026.05.03"]

1. c4 Nf6 2. Nc3 g6 3. e4 d6 4. d4 Bg7 5. f4 O-O 6. Nf3 c5 7. d5 e6 8. Be2 exd5
9. cxd5 Bg4 10. O-O Nbd7 11. h3 Bxf3 12. Bxf3 Re8 13. g4 h6 14. a4 a6 15. Kg2
Qc7 16. e5 dxe5 17. d6 Qc8 18. g5 e4 19. Be2 Nh7 20. f5 Qc6 21. gxh6 Bd4 22.
fxg6 fxg6 23. Qb3+ Kh8 24. Bf4 Ne5 25. Qd5 Rad8 26. Bxe5+ Rxe5 27. Qxc6 bxc6 28.
Bxa6 Rxd6 29. Bc4 Rg5+ 30. Kh1 Bxc3 31. bxc3 Nf6 32. a5 Nh5 33. Rfd1 Rf6 34. Rg1
Ng3+ 35. Kh2 Rf2+ 36. Rg2 Rxg2+ 37. Kxg2 Nf5+ 38. Kh2 Nd6 39. a6 Nxc4 40. a7 Nb6
41. Rb1 c4 42. Rxb6 1-0

[Event "Sardinia World Open A"]
[Site "Orosei ITA"]
[Date "2026.05.03"]
[Round "1.7"]
[White "Vogt, Lothar"]
[Black "Mendonca, Leon Luke"]
[Result "0-1"]
[WhiteTitle "GM"]
[BlackTitle "GM"]
[WhiteElo "2202"]
[BlackElo "2613"]
[WhiteFideId "4611292"]
[BlackFideId "35028561"]
[EventDate "2026.05.03"]

1. e4 c5 2. c3 d5 3. exd5 Qxd5 4. d4 Nf6 5. Nf3 e6 6. Bd3 Be7 7. O-O O-O 8. c4
Qd7 9. dxc5 Rd8 10. Bc2 Qc7 11. Qe2 Qxc5 12. Nc3 Nc6 13. Be3 Qh5 14. Rad1 Bd7
15. h3 Ne5 16. Nxe5 Qxe5 17. Bd4 Qxe2 18. Nxe2 Be8 19. Nc3 Rdc8 20. Bd3 a5 21.
Be2 Bc6 22. Be5 Nd7 23. Bd6 Kf8 24. b3 g5 25. Rfe1 Bxd6 26. Rxd6 Nc5 27. f3 Ke7
28. Red1 h5 29. Kf2 h4 30. R6d2 f5 31. Rb1 Nd7 32. a3 Ne5 33. Rd4 Ng6 34. Bf1
Nf4 35. Ne2 e5 36. Rd2 Rd8 37. Rbd1 Rxd2 38. Rxd2 b6 39. Nc3 Ra7 40. Ke3 Ra8 41.
Ra2 g4 42. b4 gxh3 43. gxh3 Rg8 44. Rf2 Rg3 45. b5 Bb7 46. Na4 Ne6 47. Nxb6 f4+
48. Kd2 Bxf3 49. Na4 e4 50. Rh2 e3+ 51. Kd3 Bd1 52. Rh1 0-1

[Event "Sardinia World Open A"]
[Site "Orosei ITA"]
[Date "2026.05.03"]
[Round "1.8"]
[White "Puranik, Abhimanyu"]
[Black "Schnabel, Ralf"]
[Result "1-0"]
[WhiteTitle "GM"]
[WhiteElo "2607"]
[BlackElo "2199"]
[WhiteFideId "5061245"]
[BlackFideId "4613040"]
[EventDate "2026.05.03"]

1. e4 Nf6 2. e5 Nd5 3. d4 d6 4. Nf3 dxe5 5. Nxe5 g6 6. h3 Bg7 7. Bc4 Be6 8. O-O
O-O 9. Qe2 Nd7 10. Nf3 N7b6 11. Bb3 c6 12. c4 Nf6 13. Bf4 a5 14. a3 a4 15. Ba2
h6 16. Nc3 g5 17. Be5 Nbd7 18. Bh2 g4 19. hxg4 Nxg4 20. Bf4 Ndf6 21. Rad1 Nh5
22. Be5 Ra5 23. d5 cxd5 24. cxd5 Bc8 25. Bxg7 Nxg7 26. Rfe1 Re8 27. Rd4 Bd7 28.
Ne5 Nxe5 29. Qxe5 Qb6 30. Rb4 Qa7 31. Re3 Bf5 32. Nb5 Qb8 33. Nc7 Rc8 34. Rg3
Bg6 35. Rxg6 fxg6 36. d6+ Kh7 37. Qxa5 exd6 38. Rc4 b6 39. Qc3 1-0

[Event "Sardinia World Open A"]
[Site "Orosei ITA"]
[Date "2026.05.03"]
[Round "1.9"]
[White "Advaitt Srikant Koduri"]
[Black "Dardha, Daniel"]
[Result "0-1"]
[WhiteTitle "FM"]
[BlackTitle "GM"]
[WhiteElo "2191"]
[BlackElo "2602"]
[WhiteFideId "25185454"]
[BlackFideId "240990"]
[EventDate "2026.05.03"]

1. Nf3 d5 2. e3 Nf6 3. c4 e6 4. Nc3 Bd6 5. b3 Nbd7 6. Bb2 O-O 7. Be2 a6 8. O-O
b6 9. cxd5 exd5 10. Qc2 Bb7 11. Rac1 Re8 12. Rfd1 Rc8 13. Qf5 Qe7 14. Bf1 g6 15.
Qb1 c5 16. Re1 Qf8 17. Qa1 d4 18. Ne2 Bxf3 19. gxf3 Ne5 20. Bg2 Nd3 21. Ng3 Qe7
22. Red1 h5 23. Rc2 h4 24. Nf1 Nd5 25. Bxd4 cxd4 26. Rxc8 Rxc8 27. Qxd4 N5f4 28.
exf4 Nxf4 29. Qe4 Qg5 0-1

[Event "Sardinia World Open A"]
[Site "Orosei ITA"]
[Date "2026.05.03"]
[Round "1.10"]
[White "Idani, Pouya"]
[Black "Milat, Marcel"]
[Result "1-0"]
[WhiteTitle "GM"]
[BlackTitle "FM"]
[WhiteElo "2594"]
[BlackElo "2186"]
[WhiteFideId "12510130"]
[BlackFideId "2602105"]
[EventDate "2026.05.03"]

1. d4 Nf6 2. c4 g6 3. g3 Bg7 4. Bg2 O-O 5. Nc3 d6 6. Nf3 Nc6 7. O-O e5 8. h3 Re8
9. d5 Nb8 10. e4 a5 11. Bg5 h6 12. Be3 Na6 13. a3 Bd7 14. Nd2 Nh5 15. Kh2 Rf8
16. Rb1 Qf6 17. Bf3 Nf4 18. Bg4 Be8 19. Nb3 h5 20. Bf3 a4 21. Nc1 Bd7 22. gxf4
exf4 23. Bd2 Qh4 24. Bg2 Be5 25. Nd3 f3+ 26. Nxe5 fxg2 27. Nxd7 gxf1=Q 28. Qxf1
Rfd8 29. Qg2 Qe7 30. Bg5 Qxd7 31. Bf6 Re8 32. Rg1 Nc5 33. Qf3 Kh7 34. Rg5 Kh6
35. Rxh5+ gxh5 36. Qf4+ 1-0

[Event "Sardinia World Open A"]
[Site "Orosei ITA"]
[Date "2026.05.03"]
[Round "1.11"]
[White "Veleshnja, Zino"]
[Black "Jacobson, Brandon"]
[Result "0-1"]
[WhiteTitle "FM"]
[BlackTitle "GM"]
[WhiteElo "2186"]
[BlackElo "2594"]
[WhiteFideId "4701313"]
[BlackFideId "30901561"]
[EventDate "2026.05.03"]

1. d4 Nf6 2. c4 g6 3. Nc3 Bg7 4. Nf3 d6 5. Bg5 h6 6. Bh4 g5 7. Bg3 Nh5 8. e3 c5
9. dxc5 Nxg3 10. hxg3 dxc5 11. Qxd8+ Kxd8 12. O-O-O+ Bd7 13. Bd3 Nc6 14. Be4 Kc8
15. Na4 b6 16. Nc3 f5 17. Bd5 Kb7 18. Ne1 Rad8 19. Nd3 e6 20. Bf3 e5 21. Bd5 e4
22. Ne1 Kb8 23. Bxc6 Bxc6 24. Nc2 Rxd1+ 25. Rxd1 Bxc3 26. bxc3 Kc7 27. Na3 a6
28. Nb1 Ba4 29. Rh1 Rd8 30. Nd2 Rd3 31. Rxh6 Rxc3+ 32. Kb1 Rc2 33. Rh7+ Kd6 34.
Rh6+ Ke7 35. Rh7+ Ke6 36. Rh6+ Kf7 37. Rd6 g4 38. f3 f4 39. Nxe4 Rxg2 40. gxf4
Bc2+ 41. Kc1 gxf3 42. Nd2 f2 43. Rxb6 Bd3 44. Rb3 Rg1+ 45. Kb2 Bxc4 46. Rb7+ Ke8
47. Kc2 Ra1 48. Rb2 Be2 49. e4 Rd1 50. Rb1 Rxb1 51. Kxb1 Bd3+ 52. Kb2 Bxe4 53.
Kc3 Kd7 54. Kc4 Kc6 55. a3 Bf5 0-1

[Event "Sardinia World Open A"]
[Site "Orosei ITA"]
[Date "2026.05.03"]
[Round "1.12"]
[White "Lodici, Lorenzo"]
[Black "Bodrov, Timofey"]
[Result "1-0"]
[WhiteTitle "GM"]
[WhiteElo "2590"]
[BlackElo "2184"]
[WhiteFideId "884189"]
[BlackFideId "14131781"]
[EventDate "2026.05.03"]

1. e4 c5 2. Nf3 e6 3. d4 cxd4 4. Nxd4 Nc6 5. Nc3 d6 6. g4 Nge7 7. Nb3 a6 8. Be3
b5 9. g5 Bb7 10. a3 Rc8 11. f4 h6 12. gxh6 Ng6 13. h4 Nxh4 14. Qg4 Rxh6 15.
O-O-O Nf5 16. exf5 Rxh1 17. fxe6 Qh4 18. exf7+ Kxf7 19. Qd7+ Qe7 20. Qf5+ Qf6
21. Qd5+ Qe6 22. Qxh1 Qxe3+ 23. Kb1 Ba8 24. Nd5 Qf2 25. Bd3 Ne7 26. Qh5+ g6 27.
Qh7+ Ke8 28. Bxg6+ Kd8 29. Nxe7 Bxe7 30. Bf5 1-0

[Event "Sardinia World Open A"]
[Site "Orosei ITA"]
[Date "2026.05.03"]
[Round "1.13"]
[White "Stanford, Sheila Barth"]
[Black "Fier, Alexandr"]
[Result "0-1"]
[WhiteTitle "WIM"]
[BlackTitle "GM"]
[WhiteElo "2178"]
[BlackElo "2578"]
[WhiteFideId "1500953"]
[BlackFideId "2107139"]
[EventDate "2026.05.03"]

1. e4 e5 2. Nf3 Nc6 3. Bc4 Nf6 4. Ng5 d5 5. exd5 Na5 6. Bb5+ c6 7. dxc6 bxc6 8.
Bd3 Nd5 9. h4 Be7 10. Nf3 O-O 11. O-O Nf4 12. Re1 Nxd3 13. cxd3 f6 14. Qa4 c5
15. Nc3 Rb8 16. Qe4 Rb4 17. Qd5+ Kh8 18. Re3 Qb6 19. Ne1 Rxh4 20. b3 Nc6 21. Ba3
Rd8 22. Qf7 Rf8 23. Qd5 Nd4 24. Na4 Qa6 25. Bxc5 Be6 26. Bxe7 Bxd5 27. Bxf8 Qc8
28. Bc5 Nf5 29. Bxa7 Qe8 30. Rc1 Qh5 31. f3 Rh1+ 32. Kf2 Ng3 33. Re4 Qg5 34.
Rc8+ Bg8 35. Rg4 Qf4 36. Be3 Rf1# 0-1

[Event "Sardinia World Open A"]
[Site "Orosei ITA"]
[Date "2026.05.03"]
[Round "1.14"]
[White "Amar, Elham"]
[Black "Balinski, Damian"]
[Result "1-0"]
[WhiteTitle "GM"]
[WhiteElo "2576"]
[BlackElo "2175"]
[WhiteFideId "1533533"]
[BlackFideId "1120913"]
[EventDate "2026.05.03"]

1. e4 e5 2. Nf3 Nc6 3. Bb5 a6 4. Ba4 Bc5 5. O-O Nge7 6. c3 Ng6 7. d4 Ba7 8. Bxc6
dxc6 9. Nxe5 Nxe5 10. dxe5 Qe7 11. Qf3 Qxe5 12. Be3 Bxe3 13. Qxe3 O-O 14. Nd2 c5
15. f4 Qe7 16. Rae1 f5 17. Qf2 b6 18. exf5 Qf7 19. a3 Bxf5 20. Nf3 Rae8 21. Ne5
Qd5 22. Rd1 Qb7 23. Rd2 Rd8 24. Rfd1 Rxd2 25. Qxd2 h6 26. Qe2 Qe4 27. Qxe4 Bxe4
28. g3 Bf5 29. Rd2 Re8 30. Kf2 g5 31. Ke3 Kg7 32. Kf3 Kf6 33. Ng4+ Kg6 34. Ne5+
Kf6 35. Re2 Re7 36. g4 Bc8 37. Kg3 Bb7 38. h4 a5 39. hxg5+ hxg5 40. fxg5+ Kxg5
41. Nf3+ Kf6 42. g5+ Kf7 43. Rxe7+ Kxe7 44. Kf4 1-0

[Event "Sardinia World Open A"]
[Site "Orosei ITA"]
[Date "2026.05.03"]
[Round "1.15"]
[White "Danila, Tudor-Gabriel"]
[Black "Sokolovsky, Yahli"]
[Result "0-1"]
[WhiteTitle "CM"]
[BlackTitle "GM"]
[WhiteElo "2172"]
[BlackElo "2564"]
[WhiteFideId "1274244"]
[BlackFideId "2820242"]
[EventDate "2026.05.03"]

1. d4 Nf6 2. c4 e6 3. Nf3 Bb4+ 4. Bd2 Qe7 5. e3 Bxd2+ 6. Qxd2 O-O 7. Bd3 d5 8.
cxd5 exd5 9. O-O Nbd7 10. Nc3 c6 11. Qc2 Re8 12. Rab1 Ne4 13. b4 a6 14. a4 Nb6
15. Bxe4 dxe4 16. Nd2 Bf5 17. a5 Nd7 18. Na4 Qg5 19. Kh1 Re6 20. Rg1 Rh6 21. g4
Bxg4 22. Rg2 Qh5 23. f3 exf3 24. Rf2 Re8 25. e4 Nf6 26. Nc5 Bf5 27. exf5 Re2 28.
Rxe2 fxe2 29. Nf1 Qf3+ 30. Kg1 Ng4 0-1

[Event "Sardinia World Open A"]
[Site "Orosei ITA"]
[Date "2026.05.03"]
[Round "1.16"]
[White "Smirin, Ilia"]
[Black "Rozycki, Bartlomiej"]
[Result "1/2-1/2"]
[WhiteTitle "GM"]
[WhiteElo "2562"]
[BlackElo "2155"]
[WhiteFideId "2801990"]
[BlackFideId "1106996"]
[EventDate "2026.05.03"]

1. e4 e5 2. Nf3 Nc6 3. Bb5 a6 4. Ba4 d6 5. O-O Bd7 6. c4 Nf6 7. d3 Be7 8. Nc3
O-O 9. h3 Nd4 10. Nxd4 exd4 11. Bxd7 Nxd7 12. Ne2 c5 13. f4 f5 14. exf5 Rxf5 15.
g4 Rf7 16. f5 d5 17. cxd5 Nf6 18. Nf4 Nxd5 19. Ne6 Qd7 20. Qf3 Rc8 21. Bd2 Rc6
22. Rae1 Nc7 23. Qe4 h6 24. Re2 Bf6 25. Bf4 Nd5 26. Rc1 Re7 27. Bg3 Bg5 28. Rce1
Be3+ 29. Kh2 Rcxe6 30. fxe6 Rxe6 31. Qf3 Rf6 32. Qe4 Re6 33. Qf3 Rf6 1/2-1/2

[Event "Sardinia World Open A"]
[Site "Orosei ITA"]
[Date "2026.05.03"]
[Round "1.17"]
[White "Paasikangas, Johanna"]
[Black "Zeng, Chongsheng"]
[Result "0-1"]
[WhiteTitle "FM"]
[BlackTitle "GM"]
[WhiteElo "2152"]
[BlackElo "2557"]
[WhiteFideId "500879"]
[BlackFideId "8603847"]
[EventDate "2026.05.03"]

1. d4 Nf6 2. c4 g6 3. Nc3 Bg7 4. e4 d6 5. Be2 O-O 6. Be3 a5 7. f4 e5 8. fxe5
dxe5 9. d5 Na6 10. Bf3 b6 11. Nge2 Ng4 12. Bxg4 Bxg4 13. Qd2 f5 14. Bg5 Qd7 15.
h3 Bxe2 16. Qxe2 f4 17. O-O-O Rf7 18. Kb1 Bf8 19. Rhf1 Bc5 20. Nb5 Kg7 21. Bh4
Raf8 22. Qf3 h6 23. Bf2 g5 24. Qc3 Re8 25. Bxc5 Nxc5 26. Rfe1 Rf6 27. Rd2 h5 28.
g3 Kh6 29. gxf4 gxf4 30. Rg2 Qh7 31. Qf3 Rg8 32. Rxg8 Qxg8 33. Nxc7 Qg3 34. Qd1
f3 35. Ne8 f2 36. Rf1 Rf4 37. Nd6 Kg6 38. Nf5 Qg2 39. Ne7+ Kf6 40. d6 Qxe4+ 41.
Ka1 Ke6 42. Nd5 Rf3 43. d7 Nxd7 44. Nc3 Qxc4 45. Qb1 Nf6 46. Qd1 Rxc3 47. bxc3
Qxc3+ 48. Kb1 Ne4 0-1

[Event "Sardinia World Open A"]
[Site "Orosei ITA"]
[Date "2026.05.03"]
[Round "1.18"]
[White "Sonis, Francesco"]
[Black "Aamuktha Guntaka"]
[Result "1/2-1/2"]
[WhiteTitle "GM"]
[BlackTitle "WFM"]
[WhiteElo "2556"]
[BlackElo "2152"]
[WhiteFideId "895733"]
[BlackFideId "33486697"]
[EventDate "2026.05.03"]

1. Nf3 Nf6 2. c4 e6 3. g3 d5 4. Bg2 d4 5. O-O Nc6 6. d3 Bc5 7. Nbd2 O-O 8. Nb3
Be7 9. e3 dxe3 10. Bxe3 Ng4 11. Bc5 Bxc5 12. Nxc5 b6 13. Nh4 Nge5 14. d4 Nxd4
15. Nb3 Nxb3 16. axb3 Rb8 17. Qe2 f6 18. Rfd1 Qe7 19. Rxa7 b5 20. Nf3 Nc6 21.
Raa1 bxc4 22. Qxc4 Rb6 23. Re1 Qb4 24. Rac1 Qxc4 25. Rxc4 Rd8 26. Rc3 Rd6 27.
Ra1 Bb7 28. Ne1 Rd7 29. Nc2 Nb4 30. Bxb7 Rxb7 31. Ra8+ Kf7 32. Nxb4 Rxb4 33. Ra7
Kg6 34. Kg2 e5 35. h4 h5 36. Kf1 Kf5 37. Ke2 Re4+ 38. Kf3 Red4 39. Kg2 Rd2 40.
Raxc7 Rxc7 41. Rxc7 Rxb2 42. Rb7 g6 43. Kf3 Rb1 44. Ke3 Re1+ 45. Kd2 Rf1 46. Ke2
Rb1 47. Rb6 Rb2+ 48. Ke3 Rb1 49. f3 Re1+ 50. Kf2 Rb1 51. Rb4 Rb2+ 52. Ke3 Rg2
53. Rc4 Rb2 54. b4 g5 55. hxg5 fxg5 56. g4+ hxg4 57. fxg4+ Ke6 58. Ke4 Rg2 59.
Kf3 Rb2 60. Ke3 Rb1 61. Ke4 Rg1 62. Ke3 Rb1 63. Kd3 Kd5 64. Rc5+ Kd6 65. Rc4 Kd5
66. Rc5+ Kd6 67. Rc4 1/2-1/2

[Event "Sardinia World Open A"]
[Site "Orosei ITA"]
[Date "2026.05.03"]
[Round "1.19"]
[White "Costantino, Claudio Emanuele"]
[Black "Yilmaz, Mustafa"]
[Result "0-1"]
[WhiteTitle "CM"]
[BlackTitle "GM"]
[WhiteElo "2147"]
[BlackElo "2549"]
[WhiteFideId "28505697"]
[BlackFideId "6302718"]
[EventDate "2026.05.03"]

1. e4 c5 2. Nf3 d6 3. d4 cxd4 4. Nxd4 Nf6 5. Nc3 a6 6. Be3 e5 7. Nb3 Be6 8. h3
Be7 9. Qf3 O-O 10. g4 a5 11. Bb5 Na6 12. O-O-O Rc8 13. Kb1 Rxc3 14. bxc3 Qc7 15.
g5 Nd7 16. Bc1 Rc8 17. a4 Nb6 18. Qe2 Nxa4 19. Bxa4 Bc4 20. Qd2 b5 21. Ba3 bxa4
22. Bxd6 Bxd6 23. Qxd6 axb3 24. cxb3 Bxb3 25. Qxc7 Nxc7 26. Rd2 Kf8 27. Rc1 Nb5
28. Kb2 a4 29. Rd7 Ke8 30. Rb7 Nd6 31. Rb4 Nc4+ 32. Ka1 Rd8 33. Rb1 Nd2 34. Rc1
Nf3 35. c4 Rd2 36. Rc3 Ra2+ 37. Kb1 Nd2+ 38. Kc1 Nxe4 39. Re3 Rc2+ 40. Kd1 Rxc4+
41. Rexb3 axb3 42. Rxc4 b2 43. Rb4 Nc3+ 44. Kc2 b1=Q+ 45. Rxb1 Nxb1 46. Kxb1 Ke7
47. Kc2 Ke6 48. Kd3 Kf5 49. h4 Kg4 0-1

[Event "Sardinia World Open A"]
[Site "Orosei ITA"]
[Date "2026.05.03"]
[Round "1.20"]
[White "Suyarov, Mukhammadzokhid"]
[Black "Stoinev, Metodi"]
[Result "1-0"]
[WhiteTitle "IM"]
[WhiteElo "2534"]
[BlackElo "2138"]
[WhiteFideId "14210495"]
[BlackFideId "2901404"]
[EventDate "2026.05.03"]

1. e4 e5 2. Nf3 Nc6 3. Bb5 a6 4. Ba4 Nf6 5. O-O Be7 6. Bxc6 dxc6 7. Re1 Nd7 8.
d4 exd4 9. Qxd4 O-O 10. Bf4 Nc5 11. Qe3 Ne6 12. Bg3 Bc5 13. Qc3 Qe7 14. a3 Bb6
15. Nbd2 Qc5 16. Nc4 a5 17. b4 Qh5 18. Rad1 axb4 19. axb4 Re8 20. h3 Ng5 21.
Nxg5 Qxg5 22. Nxb6 cxb6 23. f4 Qb5 24. f5 Ra4 25. Bd6 c5 26. Qg3 Kh8 27. f6 g6
28. Qg5 Rg8 29. Bf8 Qe8 30. Rd8 Qxf8 31. Rxf8 Rxf8 32. Qh6 Rg8 33. Rd1 1-0

[Event "Sardinia World Open A"]
[Site "Orosei ITA"]
[Date "2026.05.03"]
[Round "1.21"]
[White "Wecker, Martin"]
[Black "Lalit Babu M R"]
[Result "1/2-1/2"]
[BlackTitle "GM"]
[WhiteElo "2137"]
[BlackElo "2532"]
[WhiteFideId "12931462"]
[BlackFideId "5024595"]
[EventDate "2026.05.03"]

1. c4 Nf6 2. Nf3 e6 3. g3 d5 4. Bg2 dxc4 5. Qa4+ Nbd7 6. Qxc4 a6 7. Qc2 c5 8.
Nc3 Qc7 9. O-O b5 10. Ne5 Rb8 11. Nxd7 Bxd7 12. d3 Bd6 13. Bg5 O-O 14. Rac1 Rfc8
15. Qd2 Be7 16. Bf4 e5 17. Bg5 Qd8 18. h3 b4 19. Nd1 Be6 20. Bxf6 Bxf6 21. b3 c4
22. bxc4 Rxc4 23. Rxc4 Bxc4 24. Ne3 Be6 25. Qc2 a5 26. Nc4 e4 27. Bxe4 Bxh3 28.
Bg2 Bd7 29. Rb1 a4 30. e3 Qc7 31. Qd1 Qc5 32. Bf3 Bb5 33. Nb2 Qa7 34. Nc4 Bxc4
35. dxc4 b3 36. Qd2 a3 37. c5 Rd8 38. Qe2 Bb2 39. Rd1 Bf6 40. Rxd8+ Bxd8 41. Qd3
Qb8 42. axb3 a2 43. Qa6 Qxb3 44. Qa8 h5 45. Qxd8+ Kh7 46. Be4+ g6 47. Qd4 f5 48.
Bxf5 gxf5 49. Qd7+ Kg8 50. Qe8+ Kg7 51. Qe5+ Kg6 52. Qd6+ Kf7 53. Qd7+ Kf6 54.
Qd8+ Ke5 55. Qd4+ Ke6 56. Qd6+ Kf7 57. Qd7+ Kf8 58. Qd8+ Kg7 59. Qd4+ Kh7 60.
Qd7+ Kh8 61. Qd4+ Kg8 62. Qd8+ Kg7 63. Qd4+ Kf7 64. Qd7+ Kf6 65. Qd8+ Kg6 66.
Qd6+ Kg5 67. Qf4+ Kf6 68. Qd4+ Ke7 69. Kh2 Qe6 70. c6 h4 71. c7 hxg3+ 72. fxg3
Qh6+ 73. Kg2 Qc6+ 74. e4 Qxc7 75. Qg7+ Kd6 76. Qd4+ Ke6 77. exf5+ Kxf5 78. Qd5+
Kg4 79. Qe6+ Kg5 80. Qxa2 1/2-1/2

[Event "Sardinia World Open A"]
[Site "Orosei ITA"]
[Date "2026.05.03"]
[Round "1.22"]
[White "Hardaway, Brewington"]
[Black "Sunea, Sara Maria"]
[Result "1-0"]
[WhiteTitle "GM"]
[BlackTitle "WFM"]
[WhiteElo "2510"]
[BlackElo "2133"]
[WhiteFideId "30941849"]
[BlackFideId "1288989"]
[EventDate "2026.05.03"]

1. c4 c5 2. Nf3 Nc6 3. Nc3 g6 4. g3 Bg7 5. Bg2 e5 6. O-O Nge7 7. a3 a5 8. d3 O-O
9. Ne1 Rb8 10. Nc2 Nd4 11. Rb1 d6 12. b4 axb4 13. axb4 Bd7 14. bxc5 dxc5 15.
Nxd4 cxd4 16. Ne4 Bc6 17. Ba3 b5 18. cxb5 Rxb5 19. Rxb5 Bxb5 20. Qb3 Bc6 21. Rc1
Bd5 22. Qb5 Bxe4 23. Bxe4 f5 24. Qb7 Rf7 25. Rc7 Bf8 26. Bc6 f4 27. Bb5 Kh8 28.
Rd7 Qa5 29. Bxe7 Qe1+ 30. Kg2 fxg3 31. Bf6+ Kg8 32. hxg3 1-0